| 000 -LEADER |
| fixed length control field |
01305pam a2200409 a 4500 |
| 001 - CONTROL NUMBER |
| control field |
017064087 |
| 003 - CONTROL NUMBER IDENTIFIER |
| control field |
UkOxU |
| 005 - DATE AND TIME OF LATEST TRANSACTION |
| control field |
20190809100621.0 |
| 008 - FIXED-LENGTH DATA ELEMENTS--GENERAL INFORMATION |
| fixed length control field |
061020s2007 enk b 000 d eng d |
| 015 ## - NATIONAL BIBLIOGRAPHY NUMBER |
| National bibliography number |
GBA689988 |
| Source |
bnb |
| 020 ## - INTERNATIONAL STANDARD BOOK NUMBER |
| International Standard Book Number |
0713683260 (pbk.) : |
| 020 ## - INTERNATIONAL STANDARD BOOK NUMBER |
| International Standard Book Number |
9780713683264 (pbk.) : |
| 035 ## - SYSTEM CONTROL NUMBER |
| System control number |
(WlAbNL)vtls003505431 |
| 035 ## - SYSTEM CONTROL NUMBER |
| System control number |
(Uk)013584049 |
| 035 ## - SYSTEM CONTROL NUMBER |
| System control number |
(UkLCURL)72013584049 |
| 038 ## - RECORD CONTENT LICENSOR |
| Record content licensor |
Uk |
| 040 ## - CATALOGING SOURCE |
| Original cataloging agency |
StDuBDS |
| Language of cataloging |
eng |
| Transcribing agency |
StDuBDS |
| Modifying agency |
WlAbNL |
| -- |
Uk |
| 041 1# - LANGUAGE CODE |
| Language code of text/sound track or separate title |
eng |
| Language code of original |
spa |
| 042 ## - AUTHENTICATION CODE |
| Authentication code |
ukscp |
| 049 ## - LOCAL HOLDINGS (OCLC) |
| Local processing data |
b |
| 082 04 - DEWEY DECIMAL CLASSIFICATION NUMBER |
| Classification number |
862 GAR |
| Edition number |
22 |
| 090 ## - LOCALLY ASSIGNED LC-TYPE CALL NUMBER (OCLC); LOCAL CALL NUMBER (RLIN) |
| Classification number (OCLC) (R) ; Classification number, CALL (RLIN) (NR) |
BLI |
| Local cutter number (OCLC) ; Book number/undivided call number, CALL (RLIN) |
YC.2008.a.7495 |
| 100 1# - MAIN ENTRY--PERSONAL NAME |
| Personal name |
García Lorca, Federico, |
| Dates associated with a name |
1898-1936. |
| Relator term |
author |
| 245 10 - TITLE STATEMENT |
| Title |
Yerma / |
| Statement of responsibility, etc. |
Federico García Lorca ; translated, with commentary and notes by Gwynne Edwards. |
| 260 ## - PUBLICATION, DISTRIBUTION, ETC. |
| Place of publication, distribution, etc. |
London : |
| Name of publisher, distributor, etc. |
Methuen Drama, |
| Date of publication, distribution, etc. |
2007. |
| 300 ## - PHYSICAL DESCRIPTION |
| Extent |
lxix, 137 p. ; |
| Dimensions |
20 cm. |
| 490 1# - SERIES STATEMENT |
| Series statement |
Methuen Drama student editions |
| 504 ## - BIBLIOGRAPHY, ETC. NOTE |
| Bibliography, etc. note |
Includes bibliographical records (p. [lxv]-lxix). |
| 546 ## - LANGUAGE NOTE |
| Language note |
Parallel English and Spanish texts. |
| 650 #0 - SUBJECT ADDED ENTRY--TOPICAL TERM |
| Topical term or geographic name entry element |
Women peasants |
| General subdivision |
Social conditions |
| Form subdivision |
Drama. |
| 650 #0 - SUBJECT ADDED ENTRY--TOPICAL TERM |
| Topical term or geographic name entry element |
Childlessness |
| Form subdivision |
Drama. |
| 650 #0 - SUBJECT ADDED ENTRY--TOPICAL TERM |
| Topical term or geographic name entry element |
Mariticide |
| Form subdivision |
Drama. |
| 700 1# - ADDED ENTRY--PERSONAL NAME |
| Personal name |
Edwards, Gwynne. |
| Relator term |
Translator |
| 830 #0 - SERIES ADDED ENTRY--UNIFORM TITLE |
| Uniform title |
Methuen drama student editions. |
| 942 ## - ADDED ENTRY ELEMENTS (KOHA) |
| Source of classification or shelving scheme |
|
| Koha item type |
Books - Non Ficton |